Self-transmissible mercury resistance plasmids with gene-mobilizing capacity in soil bacterial populations : Influence of wheat roots and mercury addition /
Kaydedildi:
| Yazar: | |
|---|---|
| Diğer Yazarlar: | , |
| Materyal Türü: | Makale |
| Dil: | English |
| Konular: | |
| Etiketler: |
Etiketle
Etiket eklenmemiş, İlk siz ekleyin!
|
| Thư viện lưu trữ: | Thư viện Trường Đại học Đà Lạt |
|---|
| LEADER | 01023nam a2200313 4500 | ||
|---|---|---|---|
| 001 | DLU090091388 | ||
| 005 | ##20091201 | ||
| 040 | # | # | |a DLU |b eng |
| 041 | # | # | |a eng |
| 044 | # | # | |a us |
| 100 | # | # | |a Smit, Eric. |
| 245 | # | # | |a Self-transmissible mercury resistance plasmids with gene-mobilizing capacity in soil bacterial populations : Influence of wheat roots and mercury addition / |c Eric Smit, Anneke Wolters, Jan Dirk van Elsas. |
| 653 | # | # | |a Cultivated soil |
| 653 | # | # | |a Genetic transfer |
| 653 | # | # | |a Host range |
| 653 | # | # | |a Resistance |
| 653 | # | # | |a Rhizosphere |
| 700 | # | # | |a Van Elsas, Jan Dirk. |
| 700 | # | # | |a Wolters, Anneke. |
| 773 | # | # | |t Applied and Environmental Microbiology |g Vol. 64, no. 4 (April 1998), p. 1210-1219 |
| 920 | # | # | |a Phòng Tạp chí -- Trung tâm Thông tin - Thư viện Trường Đại học Đà Lạt |
| 994 | # | # | |a DLU |
| 900 | # | # | |a True |
| 911 | # | # | |a Trương Bảo Trâm Anh |
| 925 | # | # | |a G |
| 926 | # | # | |a A |
| 927 | # | # | |a BB |
| 980 | # | # | |a Thư viện Trường Đại học Đà Lạt |